000 01099nam a2200217 i 4500
001 131919
003 ES-MaACL
005 20250811074512.0
007 t|
008 070214s1964 sp r ||||1| spa d
110 2 _aEspaña.
_tLeyes, etc.
_9184149
245 1 0 _aDoctrina mercantil del Tribunal Supremo
_b: apéndice refundido a la 1ª edición : comprende las resoluciones recaídas en los recursos de casación por infracción de la Ley y las de la Dirección General de los Registros y del Notariado, desde 1 de enero de 1948 hasta el 31 de diciembre de 1955, sistematizadas y articuladas con arreglo al Código de Comercio vigente /
_c[compilado por] Manuel Rodríguez Navarro.
260 _aMadrid :
_bAguilar,
_c1964.
300 _aXX, 494 p. ;
_c19 cm.
650 0 4 _aDerecho mercantil-
_zEspaña-
_vJurisprudencia.
_911736
700 1 _aRodríguez Navarro, Manuel.
_998697
710 1 _aEspaña.
_bTribunal Supremo
_94004
710 2 _aEspaña.
_bDirección General de los Registros y del Notariado.
_93751
852 _aES-MaACL
_jC-28808
_bR.57947
999 _c131919
_d131919